Intentions Across Gender Lines? the Mediating Role of Spectator Satisfaction (Record no. 314020)
[ view plain ]
| 000 -LEADER | |
|---|---|
| fixed length control field | 00410nam a2200121Ia 4500 |
| 008 - FIXED-LENGTH DATA ELEMENTS--GENERAL INFORMATION | |
| fixed length control field | 170221s9999 xx 000 0 und d |
| 245 ## - TITLE STATEMENT | |
| Title | Intentions Across Gender Lines? the Mediating Role of Spectator Satisfaction |
| 260 ## - PUBLICATION, DISTRIBUTION, ETC. (IMPRINT) | |
| Name of publisher, distributor, etc | International Journal of Management and Marketing Reseach |
| 260 ## - PUBLICATION, DISTRIBUTION, ETC. (IMPRINT) | |
| Date of publication, distribution, etc | 2012 |
| 300 ## - PHYSICAL DESCRIPTION | |
| Extent | : |
| 650 ## - SUBJECT ADDED ENTRY--TOPICAL TERM | |
| General subdivision | Marketing. |
| 856 ## - ELECTRONIC LOCATION AND ACCESS | |
| Uniform Resource Identifier | <a href="http://www.theibfr.com/ARCHIVE/IJMMR-V9N2-2016.pdf">http://www.theibfr.com/ARCHIVE/IJMMR-V9N2-2016.pdf</a> |
| Withdrawn status | Lost status | Damaged status | Home library | Current library | Date acquired | Total Checkouts | Date last seen | Price effective from | Koha item type |
|---|---|---|---|---|---|---|---|---|---|
| College Library | College Library | 02/21/2017 | 02/21/2017 | 02/21/2017 | Foreign e-journal articles |